000 00384cam a22001217a 4500
008 180718b1963 xxu||||| |||| 00| 0 eng d
082 _aK5 In2t
245 _aTraining your supervisors
_cby Industrial Welfare Society, United Kingdom
260 _aLondon
_bThe Soceity
_c1963
300 _a21p.
650 _aTrainiing - Supervisors
700 _aUnited Kingdom. Industrial Welfare Society
999 _c370325
_d370325